| 000 | 00727nam a2200229 i 4500 | ||
|---|---|---|---|
| 001 | 183141 | ||
| 003 | ES-MaACL | ||
| 005 | 20250824204723.0 | ||
| 008 | 140124s1984 sp |||| | spa d | ||
| 020 | _a84-02-09918-1 | ||
| 080 | _a929 Tolstoi, Lew Nikolaievich | ||
| 100 | 1 |
_aTolstói, Lev, _d1828-1910 _9110489 |
|
| 245 | 1 | 0 |
_aCartas / _cLeon Tolstoi ; [traducción, Pedro Mateo Merino]. |
| 250 | _a1ª ed. | ||
| 260 |
_aBarcelona : _bBruguera, _c1984. |
||
| 300 |
_a263 p. ; _c17 cm. |
||
| 490 | 1 |
_aLibro amigo ; _v1029 |
|
| 700 | 1 |
_aMateo Merino, Pedro. _978962 |
|
| 830 | 0 | 0 |
_aLibro amigo (Bruguera) _v1029 _9220624 |
| 852 |
_aES-MaACL _jL-29957 _z.- Donat. Miguel A. Velasco |
||
| 999 |
_c183141 _d183141 |
||